000 01077 a2200241 4500
020 _a0782119743
020 _a9780782119749
082 0 4 _a005.4469
090 _c3969
_d3969
100 1 _aMinasi, Mark.
245 1 0 _aExpert guide to windows 98 /
_cMark Minasi.
260 _a[S.l.] :
_bSybex Inc,
_c1998.
300 _a930 p. ;
_c23 cm.
490 1 _aMinaki, mark. mark minasi's technical solutions.
500 _aPaperback.
520 _aWorld-renowned author and lecturer Mark Minasi gives information on bug fixes, updates to networking, e-mail and faxing, and brand new telephony add-ons. All of the step-by-step procedures presented in the book are included on the CD-ROM as animated multimedia AVI files.
700 1 _aChristiansen, Eric.
700 1 _aShapar, Kristina.
830 0 _aMinaki, mark. mark minasi's technical solutions.
856 4 0 _3Amazon.com
_uhttp://www.amazon.com/exec/obidos/ASIN/0782119743/chopaconline-20
856 4 0 _3Amazon customer reviews
_uhttp://www.chopac.org/cgi-bin/tools/azrev.pl?q=0782119743
942 _aNBS
_cBK
_k005.369 MIN
999 _c346429
_d346429